| 000 | 00738nam a2200229 a 4500 | ||
|---|---|---|---|
| 005 | 20240919063918.0 | ||
| 008 | 991125n 000 0 u | ||
| 035 | _aUPN01000075588 | ||
| 222 | _aPUNTO 21: REVISTA DE EDUCACIÓN | ||
| 245 | _aElementos para el diseño de una estrategia regional de desarrollo en favor de la niñez durante la década del noventa UNICEF, Oficina Reginoal para la América Latina y el Caribe | ||
| 300 | _a5-15 | ||
| 362 | _a1990 Nos. 51-52, abr. | ||
| 650 | _aNIÑO | ||
| 650 | _aINFANCIA | ||
| 651 | 4 |
_aPaíses en desarrollo _96572 |
|
| 651 | 4 |
_aAmérica Latina _91068 |
|
| 650 | _aCARIBE | ||
| 650 | _aALFABETIZACIÓN | ||
| 610 |
_aUNICEF _924085 |
||
| 904 |
_aAC _b013399 |
||
| 905 | _aArticulo | ||
| 999 |
_c67621 _d67621 |
||